Games Released in 2010 - Statistics

General Stats
  • This quiz has been taken 6 times
  • The average score is 7 of 62
Answer Stats
Answer % Correct
Mass Effect 2
75%
Red Dead Redemption
50%
Battlefield Bad Company 2
25%
Call of Duty Black Ops
25%
Castlevania Lords of Shadow
25%
Darksiders
25%
Donkey Kong Country Returns
25%
Final Fantasy XIV
25%
Fruit Ninja
25%
Halo Reach
25%
Heavy Rain
25%
Kingdom Hearts Birth by Sleep
25%
Kirby's Epic Yarn
25%
Lost Planet 2
25%
Mega Man 10
25%
Metroid Other M
25%
Nier
25%
Pokemon Black and White
25%
Skate 3
25%
Sonic Colors
25%
Super Mario Galaxy 2
25%
Super Meat Boy
25%
Trauma Team
25%
Alan Wake
0%
Alpha Protocol
0%
Amnesia The Dark Descent
0%
Assassin's Creed Brotherhood
0%
Blur
0%
Civilization V
0%
Crackdown 2
0%
Cut the Rope
0%
Deadly Premonition
0%
Dead Rising 2
0%
Epic Mickey
0%
Fable III
0%
Fallout New Vegas
0%
God of War Ghost of Sparta
0%
God of War III
0%
Gran Turismo 5
0%
Happy Wheels
0%
Hydrophobia
0%
Infinity Blade
0%
Ivy the Kiwi
0%
Just Cause 2
0%
Lego Harry Potter
0%
LIMBO
0%
Mafia II
0%
Metal Gear Solid Peace Walker
0%
Metro 2033
0%
ModNation Racers
0%
Need for Speed Hot Pursuit
0%
No More Heroes 2
0%
Red Steel 2
0%
Scott Pilgrim vs The World The Game
0%
Shantae Risky's Revenge
0%
Sonic and Sega All-Stars Racing
0%
StarCraft II
0%
Super Scribblenauts
0%
Tom Clancy's Splinter Cell Conviction
0%
Vanquish
0%
VVVVVV
0%
Worms Reloaded
0%
No matching quizzes found
Score Distribution
Percent of People with Each Score
Percentile by Number Answered
Your Score History
You have not taken this quiz